000 00780nam a2200193Ia 4500
008 151119s9999||||xx |||||||||||||| ||und||
082 _a135
082 _bGKKV8494
100 _aदाभोलकर नरेंद्र
245 _aअंधश्रध्दा प्रश्नचिन्ह आणि पूर्णविराम
260 _a--
260 _b--
260 _c0
600 _aदाभोलकर नरेंद्र
630 _aअंधश्रध्दा प्रश्नचिन्ह आणि पूर्णविराम
700 _aदाभोलकर नरेंद्र
730 _aअंधश्रध्दा प्रश्नचिन्ह आणि पूर्णविराम
942 _cBOOK
999 _c1062933
_d1062930